000 00329nam a2200145Ia 4500
008 210210b1879 xxu||||| |||| 00| 0 eng d
041 _aeng
082 _a825/1076
100 _aDE FOE
245 _aMinto
260 _aLondon
_bMacmillan & Co. Ltd.
_c1879
650 _aMinto
690 _aEnglish Criticism
906 _a015391
999 _c134751
_d134751